000 00490nam a2200169Ia 4500
008 240729s9999 xx 000 0 und d
022 _a2686-021X
245 0 _aIndonesian Journal of Anesthesiology and Reanimation (IJAR)
260 _aIndonesia
260 _bUniversitas Airlangga, Faculty of Medicine
650 _a Anesthesiology
650 _a Surgery
650 _aMedicine
856 _uhttps://doaj.org/toc/97483a1c5f964aa88f795bcd40a522ba
942 _2ddc
942 _cDOAJEJ
999 _c69196
_d69196
945 _a1
_bMadushi Gamage
_c1
_dMadushi Gamage